The unrest axle : (Record no. 15377)

MARC details
000 -LEADER
fixed length control field 01045nam a22002655a 4500
005 - DATE AND TIME OF LATEST TRANSACTION
control field 20080707005636.0
008 - FIXED-LENGTH DATA ELEMENTS--GENERAL INFORMATION
fixed length control field 080908t xxu||||| |||| 00| 0 eng d
010 ## - LCCN (DPL NO)
LC control number ENG-90964
020 ## - INTERNATIONAL STANDARD BOOK NUMBER
International Standard Book Number 818324145X
Terms of availability 550.00
035 ## - SYSTEM CONTROL NUMBER
System control number EN-74497
037 ## - SOURCE OF ACQUISITION
Source of stock number/acquisition DBAD / PUB
040 ## - CATALOGING SOURCE
Original cataloging agency DPL
Language of cataloging English
082 ## - DEWEY DECIMAL CLASSIFICATION NUMBER
Classification number 303.48409545
245 ## - TITLE STATEMENT
Title The unrest axle :
Remainder of title ethno-social movements in Eastern India /
Statement of responsibility, etc edited by Gautam Kumar Bera.
260 ## - PUBLICATION, DISTRIBUTION, ETC. (IMPRINT)
Place of publication, distribution, etc New Delhi :
Name of publisher, distributor, etc Mittal Publications,
Date of publication, distribution, etc 2008.
300 ## - PHYSICAL DESCRIPTION
Extent xii, 236 p. ;
Dimensions 22 cm (Hb)
504 ## - BIBLIOGRAPHY, ETC. NOTE
Bibliography, etc Includes bibliographical references and index.
650 ## - SUBJECT ADDED ENTRY--TOPICAL TERM
Topical term or geographic name as entry element Social movements
Geographic subdivision India.
651 ## - SUBJECT ADDED ENTRY--GEOGRAPHIC NAME
Geographic name India
General subdivision History
-- Autonomy and independence movements.
651 ## - SUBJECT ADDED ENTRY--GEOGRAPHIC NAME
Geographic name India
General subdivision Politics and government
Chronological subdivision 1947-
700 ## - ADDED ENTRY--PERSONAL NAME
Personal name Bera, Gautam Kumar
942 ## - ADDED ENTRY ELEMENTS (KOHA)
Source of classification or shelving scheme Dewey Decimal Classification
Item type English Books
Call number suffix UNR
Classification part 303.48409545
Holdings
Withdrawn status Lost status Source of classification or shelving scheme Damaged status Not for loan Collection code Home library Current library Date acquired Source of acquisition Cost, normal purchase price Total Checkouts Full call number Barcode Date last seen Copy number Cost, replacement price Koha item type
    Dewey Decimal Classification   Not For Loan Non-fiction D.B.Act.Division D.B.Act.Division 08/09/2008 DBAD / PUB 550.00   303.48409545 UNR EN-74497 15/09/2008 1 550.00 English Books

© Delhi Public Library
Hit Counter
free hit counter